| 000 | 00545nam a22001937a 4500 | ||
|---|---|---|---|
| 999 |
_c4981 _d4981 |
||
| 003 | AR-CdUCM | ||
| 008 | 190311b ||||| |||| 00| 0 eng d | ||
| 040 |
_aMUNICIPALIDAD PROVINCIAL DEL CUSCO _cBIBLIOTECA MUNICIPAL DEL CUSCO |
||
| 041 | _hpo | ||
| 082 |
_a868.94 / _bC53 |
||
| 100 |
_aChaves, Helio _911487 |
||
| 245 |
_aFloracoes : _bpoesías / |
||
| 260 |
_aPetropolis : _bAgisa, |
||
| 300 |
_a58 páginas ; _c20 cm. |
||
| 500 | _aDonación familia Nieto | ||
| 650 |
_aLiteratura portuguesa _912417 |
||
| 942 |
_2ddc _cLIBROS |
||
| 945 | _aafb | ||